|
|
|
|
| LEADER |
01667nam a2200457 4500 |
| 001 |
on1089658313 |
| 003 |
OCoLC |
| 005 |
20200326101200.0 |
| 006 |
m o d |
| 007 |
cr cnu|||unuuu |
| 008 |
190311s2019 mau ob 000 0 eng d |
| 040 |
|
|
|a N$T
|b eng
|e rda
|e pn
|c N$T
|d N$T
|d OPELS
|d UKMGB
|d UKAHL
|d OCLCF
|d GrThAP
|
| 015 |
|
|
|a GBB953000
|2 bnb
|
| 016 |
7 |
|
|a 019301759
|2 Uk
|
| 020 |
|
|
|a 9780128163603
|q (electronic bk.)
|
| 020 |
|
|
|a 0128163607
|q (electronic bk.)
|
| 020 |
|
|
|a 9780128163597
|
| 035 |
|
|
|a (OCoLC)1089658313
|
| 050 |
|
4 |
|a QP552.U24
|
| 072 |
|
7 |
|a MED
|x 075000
|2 bisacsh
|
| 072 |
|
7 |
|a SCI
|x 036000
|2 bisacsh
|
| 072 |
|
7 |
|a PSBZ
|2 bicssc
|
| 082 |
0 |
4 |
|a 612.01575
|2 23
|
| 245 |
0 |
0 |
|a Ubiquitin and ubiquitin-like protein modifiers /
|c [edited by] Mark Hochstrasser.
|
| 250 |
|
|
|a First edition.
|
| 264 |
|
1 |
|a Cambridge, MA :
|b Academic Press,
|c 2019.
|
| 300 |
|
|
|a 1 online resource.
|
| 336 |
|
|
|a text
|b txt
|2 rdacontent
|
| 337 |
|
|
|a computer
|b c
|2 rdamedia
|
| 338 |
|
|
|a online resource
|b cr
|2 rdacarrier
|
| 490 |
1 |
|
|a Methods in enzymology ;
|v volume 618
|
| 504 |
|
|
|a Includes bibliographical references.
|
| 588 |
|
|
|a Online resource; title from PDF title page (EBSCO, viewed March 12, 2019).
|
| 650 |
|
0 |
|a Ubiquitin.
|
| 650 |
|
7 |
|a MEDICAL / Physiology.
|2 bisacsh
|
| 650 |
|
7 |
|a SCIENCE / Life Sciences / Human Anatomy & Physiology.
|2 bisacsh
|
| 650 |
|
7 |
|a Ubiquitin.
|2 fast
|0 (OCoLC)fst01160282
|
| 655 |
|
4 |
|a Electronic books.
|
| 700 |
1 |
|
|a Hochstrasser, Mark W.,
|d 1959-
|e editor.
|
| 830 |
|
0 |
|a Methods in enzymology ;
|v v. 618.
|
| 856 |
4 |
0 |
|3 ScienceDirect
|u https://www.sciencedirect.com/science/bookseries/00766879/618
|z Full Text via HEAL-Link
|